| 000 | 00394pam a2200157a 44500 | ||
|---|---|---|---|
| 008 | 230515b2006 xxu||||| |||| 00| 0 eng d | ||
| 020 | _aNULL | ||
| 041 | _aENGLISH | ||
| 082 | _a610.7361 | ||
| 100 | _aWILLIAM G GOSSMAN & SCOTT | ||
| 245 | _aCRITICAL CARE NURSING REVIEW REARS OF WISDOM | ||
| 250 | _a0 | ||
| 260 |
_a _bMC GRAWS HILL BOOKS COMPANY _c2006 |
||
| 300 | _a174 | ||
| 650 | _aNULL | ||
| 999 |
_c526003 _d526003 |
||